000 00461nam a2200181Ia 4500
008 230917s9999||||xx |||||||||||||| ||und||
020 _cRS400
040 _e227884
_aMAIN
041 _aEnglish
082 _a342 U1A(9)
100 _aUpadhayaya, J J R
245 0 _aAdministrative law
250 _a9th ed.
260 _aAllahabad
_bCentral Law Agency
_c2015
300 _a588 p.
500 _a2086 26/08/2015 KB15/115 11/09/2015 Main Budget
942 _cBK
999 _c15659
_d15659